Dada: monograph of a movement

Saved in:
Bibliografiske detaljer
Hovedforfatter: Verkauf, Willy (Author)
Format: Bog
Sprog:engelsk
tysk
fransk
Udgivet: Arthur Niggli 1957
Fag:
Tags: Tilføj Tag
Ingen Tags, Vær først til at tagge denne postø!

MARC

LEADER 00000nam a2200000 a 4500
001 UCY2793
003 CL-VaPUC
008 941121e19570000SZ |||||||||||||||||eng|d
041 0 7 |a eng  |2 CL-VaPUC 
041 0 7 |a ger  |2 CL-VaPUC 
041 0 7 |a fre  |2 CL-VaPUC 
082 0 4 |a 709.04062  |b VER  |2 21 
100 0 |a Verkauf, Willy  |e author  |9 330925 
245 1 0 |a Dada: monograph of a movement 
246 1 0 |a Monographie einer Bewegung 
246 1 0 |a Monographie d'un mouvement 
300 |a 188 p 
942 |c BK 
945 |d 19941121 00:00:00  |a mfernand 
260 |b Arthur Niggli  |c 1957 
650 0 |a Dadaismo  |9 265495 
583 |a last modification  |c 20130307 08:20:54  |k Rodrigo Vera 
999 |c 231112  |d 231110 
952 |0 0  |1 0  |4 0  |6 709_040620000000000_VER_1957  |7 0  |8 P  |9 233947  |a BIBARQ  |b BIBARQ  |d 2019-11-15  |i 3033864  |o 709.04062 VER 1957  |p 3033864  |r 2025-01-20  |w 2019-11-15  |y BK  |k ARQ